A felsőbugacpusztai homoki gyeptársulások synökológiai analízise

Elmentve itt :
Bibliográfiai részletek
Szerző: Körmöczi László
További közreműködők: Horváth Imre (Témavezető)
Dokumentumtípus: Disszertáció
Megjelent: 1982
Kulcsszavak:Növénytan
Tárgyszavak:
Online Access:http://doktori.ek.szte.hu/6775
LEADER 00740nta a2200217 i 4500
001 dokt6775
005 20220713150256.0
008 220713s1982 hu om 0|| hun d
040 |a SZTE Doktori Repozitórium  |b hun 
041 |a hun 
100 1 |a Körmöczi László 
245 1 2 |a A felsőbugacpusztai homoki gyeptársulások synökológiai analízise  |h [elektronikus dokumentum] /  |c  Körmöczi László 
260 |c 1982 
502 |a Disszertacio 
650 4 |a biológiai tudományok 
650 4 |a Természettudományok 
650 4 |a Biológiai tudományok 
650 4 |a Ökológia 
695 |a Növénytan 
700 1 |a Horváth Imre  |e ths 
856 4 0 |u https://doktori.bibl.u-szeged.hu/id/eprint/6775/1/1982_kormoczi_laszlo.pdf  |z Dokumentum-elérés